| 000 | 00454nam a2200181Ia 4500 | ||
|---|---|---|---|
| 008 | 240925s9999 xx 000 0 und d | ||
| 020 | _a9788174732774 | ||
| 082 | _a330.03 JAI | ||
| 100 | _aJain, N. C. | ||
| 245 | 0 | _aDictionary of Economics | |
| 250 | _a4th | ||
| 260 |
_aNew Delhi: _bBPB Publication _c,2017. |
||
| 300 |
_a375p. _b0 _fOriginal |
||
| 500 | _aIncludes Index | ||
| 600 | _aSocial Sciences | ||
| 650 | _aSocial Sciences | ||
| 942 | _cBK | ||
| 999 |
_c15880 _d15880 |
||